Inácia, a galinha sindicalista (Registo nº 202844)

Detalhes MARC
000 -Etiqueta do registo
Valores 00662nam 22002173 4500
010 ## - Número ISBN
ISBN 978-989-53429-5-2
021 ## - Número do Depósito Legal
Código do país Portugal
Número 501960/22
100 ## - Dados gerais de processamento
Dados gerais 20260702d u||y0pory50 ba
200 ## - Titulo e menção de responsabilidade
Título próprio Inácia, a galinha sindicalista
Primeira menção de responsabilidade texto Dora Santos Rosa
Outras menções de responsabilidade ilustrações Felisbela Fonseca
205 ## - Menção da edição
Edição
210 ## - Publicação
Local de publicação Lisboa
Nome do editor Livraria Tigre de Papel
Data de publicação 2022
215 ## - Descrição física 
Paginação / Volumes [36] p.
Outras indicações físicas il. ; encadernado
Dimensões 21 cm
606 ## - Nome comum usado como assunto
ID Autoridade 22
Palavra de ordem Literatura Infantil Portuguesa
675 ## - CDU
Notação 821.134.3-93
Edição PT
Língua por
700 ## - Autor principal (pessoa individual)
ID Autoridade 17693
Apelido Rosa
Nome Dora Santos
702 ## - Autor secundário (pessoa individual)
ID Autoridade 17694
Apelido Fonseca
Nome Felisbela
801 ## - Fonte de origem
País PT
Agência BMMN
Regras de catalogação RPC
830 ## - Notas gerais do catalogador
Criado por Isabel
990 ## - Elementos KOHA
Tipo de documento Livro
Exemplares
Situação do levantamento Biblioteca de origem Código de barras Cota Permissão de empréstimo Tipo de documento Forma de aquisição
  Biblioteca Municipal de Montemor-o-Novo 32367 821.134.3-93 ROS|AIJ   Livro Oferta

Powered by Koha